[Event "Moscow-ch op Superfinal"]
[Site "Ershovo"]
[Date "2024.02.28"]
[Round "8"]
[White "Nurgali, Nazerke"]
[Black "Lupolov, Boris"]
[Result "1/2-1/2"]
[WhiteElo "2190"]
[BlackElo "2090"]
[PlyCount "109"]
[EventDate "2024.02.23"]
[EventType "swiss"]
[EventRounds "10"]
[EventCountry "RUS"]
[SourceTitle "CB10_2024"]
[SourceDate "2024.03.06"]
[SourceVersion "1"]
[SourceVersionDate "2024.03.06"]
[SourceQuality "1"]

1. d4 Nf6 2. Nf3 e6 3. c4 b6 4. Nc3 Bb4 5. Bg5 Bb7 6. e3 h6 7. Bh4 g5 8. Bg3 Ne4 9. Qc2 d6 10. Bd3 Bxc3+ 11. bxc3 f5 12. d5 Nd7 13. Nd4 Ndc5 14. f3 Nxd3+ 15. Qxd3 Nc5 16. Qc2 Qf6 17. dxe6 Rf8 18. 0-0 0-0-0 19. e7 Qxe7 20. Nxf5 Qe6 21. e4 Ba6 22. Rfd1 Bxc4 23. Rd4 h5 24. Ne3 Ba6 25. h3 Bb7 26. Rad1 Qg6 27. Nf5 Qe6 28. Ne3 Qg6 29. a4 g4 30. hxg4 hxg4 31. Nxg4 Bxe4 32. Qe2 Rde8 33. fxe4 Nxe4 34. Be1 Kb8 35. Ne3 Rh8 36. Qf3 Qh5 37. Qh3 Qxh3 38. gxh3 Nxc3 39. Bxc3 Rxe3 40. Be1 Rexh3 41. a5 Kb7 42. axb6 axb6 43. Kg2 Rh1 44. Bg3 Rxd1 45. Rxd1 Rf8 46. Bf2 Rf6 47. Bd4 Re6 48. Kf3 c5 49. Be3 Kc6 50. Ke2 d5 51. Kd3 d4 52. Bd2 b5 53. Rh1 Rg6 54. Rh3 Rf6 55. Rg3 1/2-1/2

[Event "Wch Rapid (Women)"]
[Site "Samarkand"]
[Date "2023.12.27"]
[Round "8"]
[White "Nurgali, Nazerke"]
[Black "Mammadzada, Gunay Vuqar Qizi"]
[Result "1-0"]
[WhiteElo "2250"]
[BlackElo "2449"]
[PlyCount "115"]
[EventDate "2023.12.26"]
[EventType "swiss (rapid)"]
[EventRounds "11"]
[EventCountry "UZB"]
[SourceTitle "CB01_2024"]
[SourceDate "2024.01.03"]
[SourceVersion "1"]
[SourceVersionDate "2024.01.03"]
[SourceQuality "1"]

1. d4 d5 2. Nf3 Nf6 3. c4 c6 4. Nc3 e6 5. e3 Nbd7 6. Qc2 Bd6 7. b3 0-0 8. Bb2 Qe7 9. Be2 b6 10. 0-0 Bb7 11. h3 Rac8 12. Rac1 Rfd8 13. Qb1 h6 14. Rfd1 Bb4 15. cxd5 cxd5 16. Qa1 a6 17. a3 Bd6 18. Bd3 b5 19. Ne2 Ne4 20. Rxc8 Rxc8 21. Rc1 Rd8 22. a4 b4 23. Rc2 a5 24. Bb5 Bb8 25. Nc1 Nd6 26. Be2 f6 27. Nd3 Ne4 28. Qc1 Bd6 29. Nd2 Nxd2 30. Qxd2 e5 31. Qc1 e4 32. Nc5 Nxc5 33. dxc5 Bc7 34. Bd4 Bc8 35. Qd1 f5 36. f4 g5 37. g3 Kh7 38. Bf1 Rg8 39. Rg2 Be6 40. Be2 Bf7 41. Bh5 Qe8 42. Bxf7 Qxf7 43. Qe2 Qg6 44. Kh2 h5 45. h4 gxh4 46. gxh4 Qf7 47. Rxg8 Kxg8 48. Qg2+ Kf8 49. Qg5 Ke8 50. Qh6 Bd8 51. c6 Bc7 52. Bc5 Kd8 53. Qh8+ Qe8 54. Qf6+ Kc8 55. Qxf5+ Kb8 56. Qxd5 Qg6 57. Qd7 Qf6 58. Ba7+ 1-0

[Event "Wch U20 Girls Blitz"]
[Site "Pula"]
[Date "2023.10.15"]
[Round "9"]
[White "Kurmangaliyeva, Liya"]
[Black "Nurgali, Nazerke"]
[Result "0-1"]
[WhiteElo "2236"]
[BlackElo "2222"]
[PlyCount "117"]
[EventDate "2023.10.14"]
[EventType "swiss (blitz)"]
[EventRounds "11"]
[EventCountry "ITA"]
[SourceTitle "Mega2024 Update 01"]
[Source "Chessbase"]
[SourceDate "2023.11.12"]
[SourceVersion "1"]
[SourceVersionDate "2023.11.12"]
[SourceQuality "1"]

1. d4 d5 2. c4 e6 3. Nf3 Nf6 4. Nc3 h6 5. cxd5 exd5 6. Bf4 Bd6 7. Bg3 Bxg3 8. hxg3 c6 9. e3 Bf5 10. Bd3 Bxd3 11. Qxd3 Nbd7 12. Nh4 Nf8 13. 0-0-0 Ne6 14. f3 Qc7 15. g4 0-0-0 16. Nf5 Kb8 17. Kb1 Rhe8 18. Rc1 Qd7 19. Ne2 Ng8 20. Qa3 Ne7 21. Neg3 Nxf5 22. Nxf5 f6 23. Ka1 Nc7 24. Qd3 Nb5 25. Nh4 Nd6 26. Rhe1 Re6 27. Re2 Rde8 28. Rce1 Qf7 29. b3 h5 30. gxh5 Qxh5 31. Ng6 Qf5 32. Nf4 Qxd3 33. Nxd3 Nf5 34. e4 dxe4 35. Rxe4 Rxe4 36. fxe4 Nxd4 37. Kb2 Kc7 38. Kc3 Ne6 39. Rh1 Ng5 40. e5 fxe5 41. Rh5 Ne4+ 42. Kc2 Kd6 43. Rh7 Re7 44. Rh8 Nf6 45. Kd2 e4 46. Nf4 g5 47. Ne2 Nd5 48. Nd4 e3+ 49. Ke1 Kc7 50. g3 Nb4 51. a3 Nd3+ 52. Ke2 Nc5 53. b4 Ne4 54. Nf5 Nc3+ 55. Ke1 Re5 56. g4 Nb1 57. Rh7+ Kb6 58. Nd6 Nxa3 59. Rxb7+ 0-1

[Event "Wch U20 Girls Blitz"]
[Site "Pula"]
[Date "2023.10.15"]
[Round "6"]
[White "Miroshnik, Ekaterina"]
[Black "Nurgali, Nazerke"]
[Result "1-0"]
[WhiteElo "2181"]
[BlackElo "2222"]
[PlyCount "95"]
[EventDate "2023.10.14"]
[EventType "swiss (blitz)"]
[EventRounds "11"]
[EventCountry "ITA"]
[SourceTitle "Mega2024 Update 01"]
[Source "Chessbase"]
[SourceDate "2023.11.12"]
[SourceVersion "1"]
[SourceVersionDate "2023.11.12"]
[SourceQuality "1"]

1. d4 d5 2. c4 e6 3. Nc3 h6 4. cxd5 exd5 5. Bf4 Nf6 6. Nf3 Bd6 7. Bxd6 Qxd6 8. e3 0-0 9. Bd3 b6 10. 0-0 c5 11. Rc1 Nc6 12. dxc5 bxc5 13. Nb5 Qe7 14. a3 Bg4 15. h3 Bh5 16. Be2 Rfd8 17. Qc2 Ne4 18. Nc3 Rac8 19. Rfd1 Bg6 20. Nxd5 Rxd5 21. Rxd5 Nf6 22. Qxc5 Nxd5 23. Qxd5 Be4 24. Qd1 Rb8 25. b4 Ne5 26. Nxe5 Qxe5 27. Bf3 Bxf3 28. Qxf3 Qb2 29. Rc7 Rf8 30. Rxa7 Qb3 31. Kh2 Rd8 32. Ra8 Qd3 33. Rxd8+ Qxd8 34. g3 Qd6 35. Kg2 Qa6 36. e4 Qa4 37. Qe3 Kh7 38. e5 Qc6+ 39. Kh2 Qa4 40. Qd3+ g6 41. Qe3 Kg7 42. Qc3 Kh7 43. Qd3 Kg7 44. b5 Qa5 45. Qb3 Qc7 46. b6 Qxe5 47. b7 Qc5 48. Qb2+ 1-0

[Event "Wch U20 Girls Rapid"]
[Site "Pula"]
[Date "2023.10.11"]
[Round "4"]
[White "Vanduyfhuys, Daria"]
[Black "Nurgali, Nazerke"]
[Result "0-1"]
[WhiteElo "2088"]
[BlackElo "2222"]
[PlyCount "76"]
[EventDate "2023.10.10"]
[EventType "swiss (rapid)"]
[EventRounds "11"]
[EventCountry "ITA"]
[SourceTitle "Mega2024 Update 01"]
[Source "Chessbase"]
[SourceDate "2023.11.12"]
[SourceVersion "1"]
[SourceVersionDate "2023.11.12"]
[SourceQuality "1"]

1. d4 d5 2. c4 e6 3. Nf3 Nf6 4. Nc3 h6 5. Bf4 Bd6 6. Bg3 Bxg3 7. hxg3 b6 8. cxd5 exd5 9. e3 Bb7 10. Ne5 Nbd7 11. Bb5 0-0 12. Bc6 Bxc6 13. Nxc6 Qe8 14. Rc1 Nb8 15. Nxb8 Rxb8 16. g4 Qd7 17. g5 hxg5 18. Qf3 c6 19. Ne2 c5 20. b3 Rfc8 21. Qg3 cxd4 22. Qh2 Kf8 23. Qh8+ Ng8 24. Rd1 dxe3 25. fxe3 Qe6 26. Rh7 Qe5 27. Kd2 Re8 28. Rh3 g4 29. Rg3 d4 30. Ke1 Rbd8 31. Rd3 dxe3 32. Rgxe3 Qa5+ 33. Kd1 Rxd3+ 34. Rxd3 Qxa2 35. Rd2 Qb1+ 36. Nc1 Rc8 37. Qh2 Qxc1+ 38. Ke2 Re8+ 0-1

[Event "Wch U20 Girls Rapid"]
[Site "Pula"]
[Date "2023.10.10"]
[Round "3"]
[White "Nurgali, Nazerke"]
[Black "Balabayeva, Kseniya"]
[Result "1/2-1/2"]
[WhiteElo "2222"]
[BlackElo "2192"]
[PlyCount "123"]
[EventDate "2023.10.10"]
[EventType "swiss (rapid)"]
[EventRounds "11"]
[EventCountry "ITA"]
[SourceTitle "Mega2024 Update 01"]
[Source "Chessbase"]
[SourceDate "2023.11.12"]
[SourceVersion "1"]
[SourceVersionDate "2023.11.12"]
[SourceQuality "1"]

1. d4 d5 2. Nf3 Nf6 3. c4 e6 4. Nc3 c5 5. cxd5 cxd4 6. Nxd4 Nxd5 7. Bd2 Nf6 8. Nf3 Nc6 9. e4 a6 10. Be2 Qc7 11. Rc1 Bd6 12. 0-0 0-0 13. h3 Rd8 14. Qc2 h6 15. a3 Bd7 16. b4 Be8 17. Qb1 Bf4 18. Bxf4 Qxf4 19. g3 Qc7 20. Na4 Nd7 21. Nc5 Nxc5 22. Rxc5 Qb6 23. Rfc1 Nd4 24. Nxd4 Rxd4 25. Rc8 Rd8 26. Rxa8 Rxa8 27. Qc2 Bc6 28. Bf3 a5 29. Qc5 Qxc5 30. Rxc5 axb4 31. axb4 Ra1+ 32. Kg2 Rb1 33. Rc4 f6 34. e5 Bxf3+ 35. Kxf3 Rb3+ 36. Ke4 b5 37. Rc8+ Kf7 38. Rc7+ Kg6 39. Re7 Rxb4+ 40. Ke3 fxe5 41. Rxe6+ Kf5 42. Re7 Rb3+ 43. Ke2 g5 44. Rh7 Kg6 45. Rb7 h5 46. Re7 Kf5 47. Rf7+ Kg6 48. Rb7 h4 49. g4 Rxh3 50. Rxb5 Kf6 51. Rb6+ Kf7 52. Rb7+ Ke6 53. Rb6+ Kd5 54. Rb5+ Kd4 55. Rb4+ Kc5 56. Rb7 Ra3 57. Rg7 Kd4 58. Rxg5 Ke4 59. Rf5 h3 60. f3+ Kd4 61. Kf2 e4 62. fxe4 1/2-1/2

[Event "Asia-ch Blitz U20 Girls"]
[Site "Jamshedpur"]
[Date "2023.09.15"]
[Round "5"]
[White "Kaldarova, Ayaulym"]
[Black "Nurgali, Nazerke"]
[Result "1/2-1/2"]
[WhiteElo "1785"]
[BlackElo "2124"]
[PlyCount "92"]
[EventDate "2023.09.15"]
[EventType "swiss (blitz)"]
[EventRounds "9"]
[EventCountry "IND"]
[SourceTitle "EXT 2024"]
[Source "ChessBase"]
[SourceDate "2023.10.10"]
[SourceVersion "1"]
[SourceVersionDate "2023.10.10"]
[SourceQuality "1"]

1. Nf3 d5 2. g3 Nf6 3. Bg2 e6 4. c4 d4 5. e3 c5 6. exd4 cxd4 7. 0-0 Nc6 8. d3 Bc5 9. Na3 0-0 10. Nc2 a5 11. a3 e5 12. Re1 Re8 13. Bd2 a4 14. Rb1 Bf5 15. Bg5 h6 16. Bxf6 Qxf6 17. b4 axb3 18. Rxb3 e4 19. dxe4 Bxe4 20. Rb5 b6 21. Rxe4 Rxe4 22. Nfxd4 Nxd4 23. Bxe4 Rd8 24. Rxc5 bxc5 25. Ne3 Re8 26. Bd5 Nf5 27. Ng4 Qd4 28. Qf3 Nd6 29. Kg2 Re7 30. Ne3 g6 31. h4 h5 32. Nc2 Qe5 33. Ne3 Ne4 34. a4 Nc3 35. a5 Nxd5 36. Nxd5 Ra7 37. Qa3 Qe4+ 38. Kh2 Qxc4 39. Nb6 Qb5 40. Qe3 Rxa5 41. Nd5 Ra8 42. Nf6+ Kg7 43. Qe5 Kf8 44. Nh7+ Kg8 45. Nf6+ Kf8 46. Nh7+ Kg8 1/2-1/2

[Event "Asia-ch U20 Girls"]
[Site "Jamshedpur"]
[Date "2023.09.11"]
[Round "4"]
[White "Shubhi, Gupta"]
[Black "Nurgali, Nazerke"]
[Result "1/2-1/2"]
[WhiteElo "1761"]
[BlackElo "2268"]
[PlyCount "88"]
[EventDate "2023.09.09"]
[EventType "swiss"]
[EventRounds "9"]
[EventCountry "IND"]
[SourceTitle "EXT 2024"]
[Source "ChessBase"]
[SourceDate "2023.10.10"]
[SourceVersion "1"]
[SourceVersionDate "2023.10.10"]
[SourceQuality "1"]

1. d4 d5 2. c4 e6 3. Nf3 Nf6 4. Nc3 Be7 5. Bg5 0-0 6. e3 Nbd7 7. Rc1 dxc4 8. Bxc4 a6 9. a4 c5 10. 0-0 cxd4 11. exd4 Nb6 12. Ba2 Nfd5 13. Nxd5 Nxd5 14. Bxe7 Nxe7 15. Ne5 Bd7 16. d5 Nxd5 17. Bxd5 exd5 18. Qxd5 Bxa4 19. Qxb7 Qf6 20. Qe4 Bb5 21. Rfe1 Rae8 22. f4 Qd6 23. Red1 Qb6+ 24. Qd4 Qxd4+ 25. Rxd4 Re7 26. Rcd1 f6 27. Nf3 Bc6 28. Re1 Rb7 29. b4 Rfb8 30. Re6 Bxf3 31. gxf3 Rxb4 32. Rxb4 Rxb4 33. Rxa6 Rxf4 34. Kg2 h5 35. Kg3 g5 36. Ra7 Rd4 37. Kg2 Rd2+ 38. Kg1 h4 39. h3 Kf8 40. f4 Rd3 41. fxg5 fxg5 42. Kh2 Re3 43. Kg2 Kg8 44. Kh2 Rc3 1/2-1/2

[Event "Belgrade Serbia op"]
[Site "Belgrade"]
[Date "2023.07.24"]
[Round "9"]
[White "Nurgali, Nazerke"]
[Black "Geivondian, Arman"]
[Result "1/2-1/2"]
[WhiteElo "2192"]
[BlackElo "2356"]
[PlyCount "70"]
[EventDate "2023.07.16"]
[EventType "swiss"]
[EventRounds "9"]
[EventCountry "SRB"]
[SourceTitle "CBM 215 Extra"]
[Source "ChessBase"]
[SourceDate "2023.09.30"]
[SourceVersion "1"]
[SourceVersionDate "2023.09.30"]
[SourceQuality "1"]

1. d4 d6 2. Nf3 Bg4 3. c4 g6 4. h3 Bxf3 5. exf3 Bg7 6. Nc3 Nc6 7. Be3 e5 8. d5 Nd4 9. Bd3 Nf6 10. Qd2 0-0 11. 0-0 Nd7 12. Rab1 a5 13. Bxd4 exd4 14. Nb5 a4 15. Rfd1 Re8 16. Bf1 Nc5 17. Nxd4 Qf6 18. Nb5 Re7 19. Re1 c6 20. Rxe7 Qxe7 21. dxc6 bxc6 22. Nd4 Qb7 23. b4 axb3 24. axb3 Na4 25. Nb5 cxb5 26. bxa4 Rxa4 27. cxb5 Qb6 28. Rc1 Be5 29. Rc6 Qd4 30. Qxd4 Rxd4 31. f4 Rxf4 32. g3 Rb4 33. Kg2 Rb2 34. Bd3 Bd4 35. Rc2 Rxc2 1/2-1/2

[Event "Belgrade Serbia op"]
[Site "Belgrade"]
[Date "2023.07.22"]
[Round "7"]
[White "Nurgali, Nazerke"]
[Black "Shohat, Yotam"]
[Result "1/2-1/2"]
[WhiteElo "2192"]
[BlackElo "2363"]
[PlyCount "82"]
[EventDate "2023.07.16"]
[EventType "swiss"]
[EventRounds "9"]
[EventCountry "SRB"]
[SourceTitle "CBM 215 Extra"]
[Source "ChessBase"]
[SourceDate "2023.09.30"]
[SourceVersion "1"]
[SourceVersionDate "2023.09.30"]
[SourceQuality "1"]

1. d4 Nf6 2. Nf3 g6 3. Bf4 Bg7 4. e3 0-0 5. Be2 d6 6. h3 Nc6 7. 0-0 Nd7 8. c4 e5 9. Bh2 f5 10. Nc3 e4 11. Nd2 Kh8 12. Nb3 Nf6 13. d5 Ne5 14. c5 g5 15. cxd6 cxd6 16. Rc1 g4 17. Bxe5 dxe5 18. hxg4 fxg4 19. Nc5 Bf5 20. Ne6 Bxe6 21. dxe6 g3 22. Qxd8 Rfxd8 23. fxg3 Bh6 24. Nd1 Nd5 25. Kh2 Rd6 26. Rc4 Rxe6 27. Rxe4 Rf8 28. Rxf8+ Bxf8 29. Bc4 Nf6 30. Bxe6 Nxe4 31. Bd5 Nd6 32. e4 Bh6 33. Nf2 Be3 34. Nd3 Bd4 35. Kh3 Kg7 36. Kg4 Kg6 37. b3 a5 38. a4 b5 39. Nc1 Be3 40. Ne2 bxa4 41. bxa4 Bc5 1/2-1/2